000 04287nab a2200313 i 4500
003 BR-BrBNA
005 20240528160930.0
008 231108b2020 bl.qr|pooa||| 00| 0 eng |
040 _aBR-BrBNA
_beng
072 _aF02
_b2120
100 _aGiuriatto Júnior, Jurandyr José Ton
100 _aEspindula, Marcelo Curitiba
100 _aAraújo, Larissa Fatarelli Bento de
100 _aVasconcelos, Jaqueline Martin
100 _aCampanharo, Marcela
245 _aGrowth and physiological quality in clonal seedlings of Robusta coffee
500 _aPublicação on-line; 27 ref.; Summaries (En, Pt)
520 _a ABSTRACT - The intrinsic characteristics of the vegetative propagule may influence the rooting speed and shoot growth, as well as the final physiological quality of clonal seedlings of Coffea canephora. The aim of this study was to evaluate the growth and physiological quality of ‘Robusta’ coffee seedlings produced from propagules (stem cuttings) with different cutting ages. The study was conducted in a greenhouse, in the district of Ouro Preto do Oeste, in Rondônia, Brazil (10˚45’43” S and 62˚15’10” W). The ages of the cuttings were 30, 60, 90, 120 and 150 days, corresponding to five positions on the secondary orthotropic stem (sprout), from the apex to the base. Dry matter accumulation, and relative and absolute growth rates were evaluated for 188 days after cutting, as well as the vegetative characteristics of the seedlings at 125 days after cutting. It appears that growth can be divided into three phases: 1) Initial: slow growth, lasting approximately 83 days; 2) Intermediate: fast growth, lasting approximately 40 days; and 3) Final: slow growth, starting approximately 125 days after cutting. With physiological quality, although all the cuttings showed similar growth curves, those of 60, 90 and 120 days produced, 125 days after cutting, the best vegetative performance in the seedlings. Key words: Rubiaceae. Coffea canephora. Cuttings. Maturation stage. Weight accumulation.
520 _a RESUMO - As características intrínsecas do propágulo vegetativo podem influenciar na velocidade de enraizamento e crescimento da parte aérea, bem como, na qualidade fisiológica final de mudas clonais de cafeeiros (Coffea canephora). Diante disso, objetivou-se avaliar o crescimento e a qualidade fisiológica de mudas de cafeeiros ‘Robusta’ produzidas a partir de propágulos (estacas caulinares) com diferentes idades. O estudo foi conduzido em casa de vegetação, no município de Ouro Preto do Oeste, Rondônia, Brasil (10˚45’43” S e 62˚15’10” W). As idades de formação das estacas foram: 30, 60, 90, 120 e 150 dias, o que correspondeu a cinco posições na haste ortotrópica secundária (broto), do ápice para a base. Foram avaliadas as taxas de acúmulo de massa seca e de crescimento relativo e absoluto durante 188 dias após o estaqueamento, bem como, características vegetativas das mudas aos 125 dias após o estaqueamento. Sobre o crescimento conclui-se que este pode ser dividido em três fases: 1) Inicial: crescimento lento, com duração de aproximadamente 83 dias; 2) Intermediária: de rápido crescimento, com duração de aproximadamente 40 dias; 3) Final: de crescimento lento, que tem início aproximadamente 125 dias após o estaqueamento. Sobre a qualidade fisiológica conclui-se que, apesar de todas as idades das estacas [cuttings] apresentarem curvas de crescimento semelhantes, as estacas [cuttings] de 60, 90 e 120 dias são as que proporcionam o melhor desempenho vegetativo das mudas aos 125 dias após o estaqueamento. Palavras-chave: Rubiaceae. Coffea canephora. Estaquia. Estádios de maturação. Acúmulo de massa.
650 _aCAFÉ
650 _aMUDA
650 _aCRESCIMENTO
650 _aENRAIZAMENTO DE ESTACA
650 _aPROPAGAÇÃO VEGETATIVA
773 0 _04290
_925562
_dFortaleza-CE Universidade Federal do Ceará. Centro de Ciências Agrárias 2002
_o2023-436128
_tRevista Ciência Agronômica (Brazil)
_x0045-6888; 1806-6690 (on-line)
_gv. 51(4) p. 1-7; (2020)
_wBR2023002014
856 _uhttps://www.scielo.br/j/rca/a/QwL67yGzkbWKjZFYPVTF3Bs/?format=pdf&lang=en
942 _cAnalítica
999 _c86684
_d86684